Teoría y práctica de la toma de decisiones financieras
Saved in:
| Hovedforfatter: | |
|---|---|
| Format: | Bog |
| Sprog: | spansk |
| Udgivet: |
Ciudad de México
Diana
1977
|
| Fag: | |
| Tags: |
Tilføj Tag
Ingen Tags, Vær først til at tagge denne postø!
|
MARC
| LEADER | 00000nam a2200000 a 4500 | ||
|---|---|---|---|
| 001 | UCR8697 | ||
| 003 | CL-VaPUC | ||
| 008 | 980529e19770000MX |||||||||||||||||spa|d | ||
| 082 | 0 | 4 | |a 658.403 |b COH |2 21 |
| 100 | 0 | |a Cohan, Avery B |e author |9 410787 | |
| 245 | 1 | 0 | |a Teoría y práctica de la toma de decisiones financieras |
| 300 | |a 564 p | ||
| 942 | |c BK | ||
| 945 | |d 19980529 00:00:00 |a crobeson | ||
| 260 | |a Ciudad de México |b Diana |c 1977 | ||
| 650 | 0 | |a Toma de decisiones |9 257530 | |
| 650 | 0 | |a Administración de empresas |9 260833 | |
| 650 | 0 | |a Gestión |9 260993 | |
| 650 | 7 | |a TEORIA DE LAS DECISIONES |2 CL-VaPUC |9 260992 | |
| 583 | |a last modification |c 19980529 00:00:00 |k Rodrigo Vera | ||
| 999 | |c 270093 |d 270091 | ||
| 952 | |0 0 |1 0 |4 0 |6 658_403000000000000_COH_1977 |7 0 |8 A |9 304212 |a BIBGIM |b BIBGIM |d 2019-11-20 |i 1405381 |o 658.403 COH 1977 |p 1405381 |r 2025-01-15 |w 2019-11-20 |y BK |k COM | ||
| 952 | |0 0 |1 0 |4 0 |6 658_403000000000000_COH_1977 |7 0 |8 A |9 304213 |a BIBENE |b BIBENE |d 2019-11-20 |i 1431161 |o 658.403 COH 1977 |p 1431161 |r 2025-01-15 |w 2019-11-20 |y BK |k ICO | ||